000 00663nam a2200229Ia 4500
003 OSt
005 20220924113023.0
006 a|||||r|||| 00| 0
007 ta
008 220923b |||||||| |||| 00| 0 eng d
024 _a54126
037 _cDictionary
040 _aARTS
_cARTS
_beng
041 _2eng
_aeng
082 _aP111:181k, L6.3 (RR)
100 _aCrowley Ellen T ed
_95707
245 0 _aReverse acrnnyms, initialisma, and abbreviations dictionary
260 _aDetroit
_bGale Research
_c1976
650 _aLINGUISTICS
942 _hP111:181k, L6.3 (RR)
_cdic
_2cc
999 _c389005
_d389005